Fr. Conceicao Rodrigues College of Engineering

Text Book of Prod.Engg. (Record no. 27296)

MARC details
000 -LEADER
fixed length control field 00281nam a2200133Ia 4500
082 ## - DEWEY DECIMAL CLASSIFICATION NUMBER
Classification number 671/SHA
100 ## - MAIN ENTRY--PERSONAL NAME
Personal name SHARMA/P.C.
245 ## - TITLE STATEMENT
Title Text Book of Prod.Engg.
260 ## - PUBLICATION, DISTRIBUTION, ETC.
Name of publisher, distributor, etc. Tech-Max Publ.
Place of publication, distribution, etc. Pune
Date of publication, distribution, etc. 2008
300 ## - PHYSICAL DESCRIPTION
Extent 983
546 ## - LANGUAGE NOTE
Language note ENGLISH
650 ## - SUBJECT ADDED ENTRY--TOPICAL TERM
Topical term or geographic name entry element PRODUCTION
942 ## - ADDED ENTRY ELEMENTS (KOHA)
Koha item type BOOK
Holdings
Withdrawn status Lost status Damaged status Not for loan Collection Home library Current library Date acquired Cost, normal purchase price Total Checkouts Full call number Barcode Date last seen Cost, replacement price Price effective from Koha item type
        AFT Fr. Agnel's C.Rodrigues College of Engineering Fr. Agnel's C.Rodrigues College of Engineering 17/03/2023 350.00   671/SHA AFT8131 17/03/2023 350.00   BOOK